| 000 | 00549nam a2200205Ia 4500 | ||
|---|---|---|---|
| 003 | OSt | ||
| 005 | 20230115144459.0 | ||
| 008 | 210210b1896 xxu||||| |||| 00| 0 eng d | ||
| 040 | _cAL | ||
| 041 | _aeng | ||
| 082 | _a823/311 | ||
| 100 |
_aSHAKESPEARE (William) _969182 |
||
| 245 | _aCollege Classics Series of Shakespeares plays: Tempest | ||
| 260 |
_aMadras _b- _c1896 |
||
| 650 |
_aWith An Introduction On Shakespeare _969191 |
||
| 690 |
_aEnglish Drama _969189 |
||
| 700 |
_aKELLETT (E E) Ed _969190 |
||
| 906 | _a013855 | ||
| 942 |
_2ddc _cBK |
||
| 999 |
_c132923 _d132923 |
||